• 首页
  • 本馆介绍
  • 公告通知
  • 最新文献
  • 馆藏检索
  • 电子资源
  • 读者导购
  • 参考咨询
  • 我的图书馆
  • 登录
  • 详细信息显示
  • 放入我的书架
  • 预约/预借图书
  • 作者相关作品
  • 分类相关作品
  • 丛书相关作品
  • 出版社相关作品

书目信息

  • 表格格式
  • 工作单格式
  • 卡片格式
书名: Imperialism and all reactionaries are paper tigers
作者:
分册号:
分册名:
出版地: Peking :
 
出版社: Foreign Languages Press
出版时间: 1966.
页数: 31 p. ;
开本: 19 cm.
丛书名:
中图分类号:
科图分类号:
其他分类号: A841
主题词:
电子资源:
000 00788cam a2200229u 450
001 E0741022775
005 20070306112623.95
008 821001s1966 000 0 eng
010    @a59044213
035    @A(DLC) 59044213
040    @aDLC@cCarP@dDLC
050 00 @aD844@b.I45 1958
090    @aA841
099    @dA841@ex18=3
245 00 @aImperialism and all reactionaries are paper tigers.
250    @a3th. ed.
260    @aPeking :@bForeign Languages Press,@c1966.
300    @a31 p. ;@c19 cm.
650  0 @aWorld politics@y1955- [from old catalog]
700 1  @aMao, Zedong,@d1893-1976.@tComrade Mao Tse-tung on "imperialism and all reactionaries are paper tigers. [from old catalog]
906    @a0@bcbc@cpremunv@du@encip@f19@gy-gencatlg
991    @bc-GenColl@hD844@i.I45 1958@tCopy 1@wPREM
    
    Imperialism and all reactionaries are paper tigers.-3th. ed.-Peking : : Foreign Languages Press, , 1966.
    31 p. ; ; 19 cm.
    
    
    ISBN
    
●
相关链接 在E读中查询图书 在五车中查询图书 在当当中查询图书 在豆瓣中查询图书


正题名:Imperialism and all reactionaries are paper tigers     索取号:A841/x18=3         预约/预借

序号 登录号 条形码 馆藏地/架位号 状态 备注
1 0000109   300001094   第四借阅区/ [索取号:A841/x18=3] 在馆    
唐山师范学院图书馆 欢迎您!
大连网信软件有限公司© 版权所有